000 00244nam a2200097Ia 4500
082 _a799.12 WIND
245 0 _aFly fishing
100 _a WINDSOR, Stephen London, 2003
_959196
942 _cBK
008 210817s9999 xx 000 0 und d
999 _c206176
_d206175